000 00321nam a22001337a 4500
008 170203b xxu||||| |||| 00| 0 eng d
020 _a0713142774
041 _aeng
080 _23RD
_a61
100 _a3
101 _aSHM
245 _aDISEASES OF CHILDREN IN THE SUBTROPICS AND TROPICS
_cJELLIFFE, D.B
942 _2udc
_cBK
999 _c4541
_d4541